[Event "Catalunya-ch"]
[Site "Salou"]
[Date "2025.05.20"]
[Round "2.6"]
[White "Lopez Martinez, Josep Manuel"]
[Black "Gines Esteo, Pedro Antonio"]
[Result "0-1"]
[WhiteElo "2464"]
[BlackElo "2471"]
[PlyCount "64"]
[EventDate "2025.05.17"]
[EventType "k.o."]
[EventRounds "4"]
[EventCountry "ESP"]
[SourceTitle "CB22_2025"]
[SourceDate "2025.05.28"]
[SourceVersion "1"]
[SourceVersionDate "2025.05.28"]
[SourceQuality "1"]

1. e4 c6 2. d4 d5 3. e5 Bf5 4. Nf3 e6 5. Be2 Nd7 6. 0-0 h6 7. a4 a6 8. a5 c5 9. c3 Ne7 10. Qa4 Nc6 11. Be3 Be7 12. Nbd2 0-0 13. Nb3 Bc2 14. Rfc1 Bxb3 15. Qxb3 Nxa5 16. Qd1 Nc6 17. Bd3 cxd4 18. cxd4 Nb4 19. Bb1 Qb6 20. Rc3 Rfc8 21. Nd2 f5 22. exf6 Nxf6 23. Nf3 Ne4 24. Rb3 a5 25. Ne5 Bf6 26. Ng4 Qd8 27. g3 Bg5 28. Bxe4 dxe4 29. h4 Be7 30. Nxh6+ gxh6 31. Qg4+ Kh8 32. Bxh6 Bf6 0-1

[Event "Catalunya-ch"]
[Site "Salou"]
[Date "2025.05.17"]
[Round "1.1"]
[White "Gines Esteo, Pedro Antonio"]
[Black "Campos Olaya, Israel"]
[Result "1-0"]
[WhiteElo "2471"]
[BlackElo "2217"]
[PlyCount "167"]
[EventDate "2025.05.17"]
[EventType "k.o."]
[EventRounds "4"]
[EventCountry "ESP"]
[SourceTitle "CB22_2025"]
[SourceDate "2025.05.28"]
[SourceVersion "1"]
[SourceVersionDate "2025.05.28"]
[SourceQuality "1"]

1. Nf3 Nf6 2. c4 g6 3. g3 Bg7 4. Bg2 0-0 5. Nc3 d6 6. d4 c5 7. 0-0 Nc6 8. dxc5 dxc5 9. Bf4 Be6 10. Ne5 Nxe5 11. Bxe5 Nd7 12. Bxg7 Kxg7 13. b3 Rb8 14. Qc1 Nf6 15. Qa3 Qb6 16. Na4 Qb4 17. Qxb4 cxb4 18. a3 Rfc8 19. axb4 b5 20. Nc5 bxc4 21. Nxe6+ fxe6 22. bxc4 Rxc4 23. Rxa7 Kf7 24. Bh3 Rcxb4 25. Ra6 R8b6 26. Rxb6 Rxb6 27. Ra1 Rb2 28. Kf1 Rb6 29. Ra5 Rd6 30. Re5 Rb6 31. f3 Nd7 32. Re3 Nf6 33. Kf2 Rd6 34. Bg2 Rb6 35. h4 Rb5 36. Bh3 Rb6 37. g4 Rd6 38. g5 Nd7 39. Bg4 Nf8 40. Re5 Rb6 41. h5 gxh5 42. Bxh5+ Kg7 43. Ra5 Rb7 44. Ra6 h6 45. gxh6+ Kxh6 46. Bg4 Kg7 47. Bxe6 Nxe6 48. Rxe6 Kf7 49. Ra6 Rb4 50. Kg3 Rb2 51. e3 Rb1 52. Kf4 Rf1 53. Rh6 Kg7 54. Rh3 Rb1 55. Ke5 Rb6 56. Rh4 Kf7 57. Rh7+ Ke8 58. f4 Kd7 59. f5 Rb5+ 60. Kf4 Ke8 61. e4 Rb1 62. e5 Kf8 63. Ke4 Rd1 64. Rh8+ Kg7 65. Ra8 Rd7 66. e6 Rb7 67. Kd5 Rc7 68. Re8 Ra7 69. Kc6 Kf6 70. Rf8+ Ke5 71. Rf7 Ra6+ 72. Kd7 Ra7+ 73. Ke8 Kd6 74. Kf8 Ra8+ 75. Kg7 Ra1 76. f6 exf6 77. e7 Re1 78. Kf8 f5 79. e8Q Rxe8+ 80. Kxe8 Ke5 81. Kf8 f4 82. Kg7 Ke4 83. Kg6 f3 84. Kg5 1-0

[Event "Catalunya-chT Gp1 Relegation 1"]
[Site "Barcelona"]
[Date "2025.03.15"]
[Round "4.1"]
[White "Gines Esteo, Pedro Antonio"]
[Black "Fluvia Poyatos, Joan"]
[Result "1-0"]
[WhiteElo "2464"]
[BlackElo "2450"]
[PlyCount "77"]
[EventDate "2025.02.22"]
[EventType "team-k.o."]
[EventRounds "4"]
[EventCountry "ESP"]
[SourceTitle "CB18_2025"]
[SourceDate "2025.04.30"]
[SourceVersion "1"]
[SourceVersionDate "2025.04.30"]
[SourceQuality "1"]
[WhiteTeam "Barcelona Escacs CC"]
[BlackTeam "Badalona Cor de Marina"]
[WhiteTeamCountry "ESP"]
[BlackTeamCountry "ESP"]

1. c4 e5 2. Nc3 Nf6 3. Nf3 Nc6 4. e3 Bb4 5. Qc2 Bxc3 6. Qxc3 Qe7 7. a3 a5 8. b4 axb4 9. axb4 Rxa1 10. Qxa1 Nxb4 11. Qxe5 Qxe5 12. Nxe5 d6 13. Nd3 Nxd3+ 14. Bxd3 Bd7 15. Bb2 Ke7 16. Ke2 Ra8 17. Ra1 Rxa1 18. Bxa1 g6 19. f3 h5 20. Kf2 Ba4 21. Be2 Nd7 22. e4 c5 23. Kg3 Ne5 24. Kh4 Bb3 25. Bxe5 dxe5 26. Kg5 Ba4 27. h4 Be8 28. g3 f6+ 29. Kh6 Kf7 30. f4 Bc6 31. f5 gxf5 32. exf5 Bd7 33. Bxh5+ Kg8 34. g4 e4 35. Kg6 b5 36. Kxf6 b4 37. Bf7+ Kf8 38. h5 b3 39. h6 1-0

[Event "Catalunya-chT Gp1 Relegation 1"]
[Site "Barcelona"]
[Date "2025.03.08"]
[Round "3.1"]
[White "Gonzalez Garcia, Jose"]
[Black "Gines Esteo, Pedro Antonio"]
[Result "1/2-1/2"]
[WhiteElo "2448"]
[BlackElo "2464"]
[PlyCount "29"]
[EventDate "2025.02.22"]
[EventType "team-k.o."]
[EventRounds "4"]
[EventCountry "ESP"]
[SourceTitle "CB14_2025"]
[SourceDate "2024.11.01"]
[SourceVersion "1"]
[SourceVersionDate "2024.11.01"]
[SourceQuality "1"]
[WhiteTeam "Ateneu Colon"]
[BlackTeam "Barcelona Escacs CC"]
[WhiteTeamCountry "ESP"]
[BlackTeamCountry "ESP"]

1. d4 Nf6 2. c4 e6 3. Nf3 d5 4. Nc3 h6 5. Bf4 Bd6 6. Bxd6 Qxd6 7. e3 0-0 8. Qc2 a6 9. Rd1 Qe7 10. a3 dxc4 11. Bxc4 b5 12. Bd3 c5 13. dxc5 Qxc5 14. Nd2 Nbd7 15. Nde4 1/2-1/2

[Event "Barcelona Navidad GM"]
[Site "Barcelona"]
[Date "2024.12.29"]
[Round "7"]
[White "Aloma Vidal, Roberto"]
[Black "Gines Esteo, Pedro Antonio"]
[Result "0-1"]
[WhiteElo "2398"]
[BlackElo "2473"]
[PlyCount "102"]
[EventDate "2024.12.26"]
[EventType "tourn"]
[EventRounds "9"]
[EventCountry "ESP"]
[EventCategory "7"]
[SourceTitle "CB01_2025"]
[SourceDate "2025.01.01"]
[SourceVersion "1"]
[SourceVersionDate "2025.01.01"]
[SourceQuality "1"]

1. e4 c5 2. Nf3 Nc6 3. Nc3 d6 4. d4 cxd4 5. Nxd4 Nf6 6. f3 e6 7. Be3 a6 8. Qd2 h5 9. 0-0-0 Bd7 10. Kb1 Be7 11. Nxc6 bxc6 12. f4 Qc7 13. Be2 a5 14. Rhf1 a4 15. a3 0-0 16. e5 dxe5 17. fxe5 Nd5 18. Rf3 Rfb8 19. Bd4 c5 20. Nxd5 exd5 21. Qf4 Be6 22. Be3 h4 23. Bc1 Rb6 24. c4 g5 25. Qe3 Rb3 26. Bd3 dxc4 27. Qe4 cxd3 28. Qxa8+ Kg7 29. Qe4 c4 30. Rdf1 Qb6 31. R1f2 c3 32. Qxd3 cxb2 33. Be3 Qa5 34. Qd2 Qxd2 35. Bxd2 Rxa3 36. Rxa3 Bxa3 37. Bc3 Bc5 38. Rxb2 a3 39. Rb5 Bg1 40. h3 Kg6 41. Ra5 a2+ 42. Kc2 Bb6 43. Ra4 Kf5 44. Kb2 Be3 45. Be1 Bf4 46. Bc3 Bd5 47. Ra5 Bxg2 48. Kxa2 Bxh3 49. Ra7 Ke4 50. Kb2 Be6 51. Ra4+ Kf3 0-1

[Event "Barcelona Navidad GM"]
[Site "Barcelona"]
[Date "2024.12.29"]
[Round "6"]
[White "Gines Esteo, Pedro Antonio"]
[Black "Hernandez, Cristian Andres"]
[Result "1/2-1/2"]
[WhiteElo "2473"]
[BlackElo "2366"]
[PlyCount "159"]
[EventDate "2024.12.26"]
[EventType "tourn"]
[EventRounds "9"]
[EventCountry "ESP"]
[EventCategory "7"]
[SourceTitle "CB01_2025"]
[SourceDate "2025.01.01"]
[SourceVersion "1"]
[SourceVersionDate "2025.01.01"]
[SourceQuality "1"]

1. c4 e6 2. Nc3 d5 3. d4 Nf6 4. cxd5 exd5 5. Bg5 c6 6. e3 Be7 7. Bd3 0-0 8. h3 Nbd7 9. Qc2 Re8 10. Nf3 Nf8 11. 0-0 Nh5 12. Bxe7 Qxe7 13. Rab1 Nf6 14. b4 Be6 15. Na4 Rec8 16. Qb2 N8d7 17. Nc5 Rab8 18. Rfc1 Ne8 19. b5 cxb5 20. Nxe6 fxe6 21. Bxb5 Nd6 22. Qa3 a6 23. Bd3 Nf6 24. Ne5 Rxc1+ 25. Rxc1 Rc8 26. Rxc8+ Nxc8 27. Qc3 Nd6 28. Qc5 Qd8 29. a4 Nfe8 30. Qc2 g6 31. g3 Qc7 32. Qb1 Nf7 33. h4 Nf6 34. Bxg6 Nxe5 35. dxe5 Qxe5 36. Bd3 Qc3 37. Bf1 Qc7 38. Bh3 Kf7 39. g4 h6 40. Bg2 Kg7 41. Bf3 b6 42. Qb2 e5 43. Qb1 Qd7 44. g5 hxg5 45. hxg5 Nh7 46. Bh5 Qe7 47. f4 exf4 48. Qb2+ Kg8 49. exf4 Qe1+ 50. Kg2 Qe4+ 51. Bf3 Qxf4 52. Bxd5+ Kf8 53. Qh8+ Ke7 54. Qxh7+ Kd6 55. g6 Qg4+ 56. Kh1 Kxd5 57. Qb7+ Ke5 58. Qe7+ Qe6 59. Qg5+ Kd6 60. g7 Qg8 61. Qf6+ Kd7 62. Qf8 Qd5+ 63. Kh2 Qe5+ 64. Kh3 Qh5+ 65. Kg3 Qg5+ 66. Kf3 Qh5+ 67. Kf4 Qh6+ 68. Kf5 Qh5+ 69. Ke4 Qg4+ 70. Ke3 Qg5+ 71. Ke2 Qg2+ 72. Ke3 Qg5+ 73. Kf2 Qh4+ 74. Kf3 Qh5+ 75. Ke4 Qg4+ 76. Ke5 Qe6+ 77. Kd4 Qg4+ 78. Kd3 Qg3+ 79. Ke2 Qg2+ 80. Ke3 1/2-1/2

[Event "Barcelona Navidad GM"]
[Site "Barcelona"]
[Date "2024.12.28"]
[Round "5"]
[White "Mompel Ferruz, Xavier"]
[Black "Gines Esteo, Pedro Antonio"]
[Result "1-0"]
[WhiteElo "2288"]
[BlackElo "2473"]
[PlyCount "133"]
[EventDate "2024.12.26"]
[EventType "tourn"]
[EventRounds "9"]
[EventCountry "ESP"]
[EventCategory "7"]
[SourceTitle "CB01_2025"]
[SourceDate "2025.01.01"]
[SourceVersion "1"]
[SourceVersionDate "2025.01.01"]
[SourceQuality "1"]

1. e4 e5 2. Nf3 Nc6 3. Bb5 a6 4. Ba4 Nf6 5. 0-0 Be7 6. d3 b5 7. Bb3 0-0 8. h3 Bb7 9. Re1 d5 10. exd5 Nxd5 11. Nxe5 Nd4 12. Nf3 Nxb3 13. axb3 c5 14. Nbd2 Qd7 15. Nf1 Nb4 16. N1h2 Bd6 17. Bd2 Qf5 18. Bxb4 cxb4 19. Qd2 Rac8 20. Re2 h6 21. Qe3 Rc5 22. Rae1 Rfc8 23. Qd4 Bxh2+ 24. Nxh2 Rxc2 25. Rxc2 Rxc2 26. Ng4 Rc8 27. Re5 Qg6 28. Re7 Qc6 29. Ne3 a5 30. Qa7 Qd6 31. Qxb7 Rc1+ 32. Nf1 Qxd3 33. Re8+ Kh7 34. Qe4+ Qxe4 35. Rxe4 Rb1 36. Re5 a4 37. Rxb5 a3 38. bxa3 bxa3 39. Ra5 Rxb3 40. Nd2 Rc3 41. Kf1 f5 42. Ke2 Kg6 43. Kd1 f4 44. Nb1 Rc5 45. Rxa3 Rg5 46. g3 fxg3 47. Rxg3 Kh5 48. Nd2 Rf5 49. Ke2 g5 50. Rg4 Re5+ 51. Kf3 Kg6 52. Nf1 Re1 53. Ng3 Re6 54. Rd4 Rf6+ 55. Kg2 Ra6 56. Ne4 Ra5 57. Rd6+ Kg7 58. Ng3 Rb5 59. Kf3 Rb3+ 60. Kg2 Rb5 61. Nh5+ Kh7 62. Nf6+ Kg7 63. Ng4 h5 64. Ne3 Rb4 65. Nf5+ Kf7 66. Rh6 Rb3 67. Ng3 1-0

[Event "ESP-ch 89th"]
[Site "Marbella"]
[Date "2024.12.19"]
[Round "9"]
[White "Gines Esteo, Pedro Antonio"]
[Black "Iturrizaga Bonelli, Eduardo"]
[Result "0-1"]
[WhiteElo "2473"]
[BlackElo "2575"]
[PlyCount "58"]
[EventDate "2024.12.11"]
[EventType "swiss"]
[EventRounds "9"]
[EventCountry "ESP"]
[SourceTitle "CB52_2024"]
[SourceDate "2024.12.25"]
[SourceVersion "1"]
[SourceVersionDate "2024.12.25"]
[SourceQuality "1"]

1. d4 Nf6 2. c4 e6 3. Nf3 d5 4. g3 Bb4+ 5. Bd2 a5 6. Bg2 0-0 7. Qc2 Be7 8. 0-0 Nbd7 9. Nc3 c6 10. e4 dxc4 11. e5 Nd5 12. Ne4 b5 13. Neg5 g6 14. h4 c5 15. h5 Kg7 16. Qe4 cxd4 17. Qh4 h6 18. hxg6 Rh8 19. gxf7 hxg5 20. Qxd4 Bb7 21. Qg4 Kxf7 22. Bxg5 Qg8 23. Nd4 Qxg5 24. Qxe6+ Ke8 25. Nf5 Ra6 26. Nd6+ Rxd6 27. exd6 Nf4 28. Qxe7+ Qxe7 29. Rfe1 Ne2+ 0-1

[Event "ESP-ch 89th"]
[Site "Marbella"]
[Date "2024.12.14"]
[Round "4"]
[White "Gines Esteo, Pedro Antonio"]
[Black "Villa Tornero, Alex"]
[Result "1-0"]
[WhiteElo "2473"]
[BlackElo "2238"]
[PlyCount "85"]
[EventDate "2024.12.11"]
[EventType "swiss"]
[EventRounds "9"]
[EventCountry "ESP"]
[SourceTitle "CB52_2024"]
[SourceDate "2024.12.25"]
[SourceVersion "1"]
[SourceVersionDate "2024.12.25"]
[SourceQuality "1"]

1. Nf3 d5 2. g3 Bg4 3. Bg2 e6 4. h3 Bxf3 5. Bxf3 Nf6 6. 0-0 Be7 7. d3 0-0 8. Bg2 Nbd7 9. Nd2 c6 10. e4 a5 11. Qe2 a4 12. e5 Ne8 13. a3 b5 14. Nf3 c5 15. h4 Nc7 16. Bf4 b4 17. c4 bxc3 18. bxc3 c4 19. dxc4 Nb6 20. Nd2 Ra5 21. Rfd1 Qc8 22. Qg4 Rd8 23. Bh6 Bf8 24. h5 Kh8 25. Bg5 Rd7 26. h6 g6 27. Rab1 Bc5 28. cxd5 Ncxd5 29. c4 f5 30. exf6 Nc3 31. Ne4 Nxd1 32. Rxd1 Raa7 33. f7 Rxd1+ 34. Qxd1 Rxf7 35. Qa1+ Kg8 36. Nf6+ Kf8 37. Nd7+ Kg8 38. Nf6+ Kf8 39. Nxh7+ Rxh7 40. Qf6+ Ke8 41. Be4 Kd7 42. Bxg6 Rxh6 43. Qg7+ 1-0

[Event "Titled Tuesday intern op 26th Nov Late"]
[Site "Chess.com INT"]
[Date "2024.11.26"]
[Round "9"]
[White "Gines Esteo, Pedro Antonio"]
[Black "Boyer, Mahel"]
[Result "1-0"]
[WhiteElo "2492"]
[BlackElo "2506"]
[PlyCount "79"]
[EventDate "2024.11.26"]
[EventType "swiss (blitz)"]
[EventRounds "11"]
[EventCountry "USA"]
[SourceTitle "CB49_2024"]
[SourceDate "2024.12.04"]
[SourceVersion "1"]
[SourceVersionDate "2024.12.04"]
[SourceQuality "1"]

1. Nf3 g6 2. d4 Bg7 3. Bg5 c5 4. c3 Qb6 5. Qb3 Qxb3 6. axb3 cxd4 7. cxd4 Nf6 8. Nc3 0-0 9. e3 Nc6 10. Be2 b6 11. 0-0 Bb7 12. Rfc1 Rfc8 13. Bxf6 Bxf6 14. Nd5 Kg7 15. Nxf6 Kxf6 16. h4 a5 17. Nd2 d5 18. Rc3 Nb4 19. Nf3 Ba6 20. Bxa6 Rxc3 21. bxc3 Nxa6 22. Kf1 Rc8 23. Ne5 Ke6 24. c4 f6 25. cxd5+ Kxd5 26. Nd3 Rc3 27. Nf4+ Kd6 28. Rb1 Nb4 29. Ke2 e5 30. dxe5+ fxe5 31. Rd1+ Kc6 32. Ne6 Rxb3 33. g4 Nd5 34. Nd8+ Kd6 35. Nb7+ Kc6 36. Nd8+ Kc5 37. Nb7+ Kb5 38. Rxd5+ Kc6 39. Nxa5+ bxa5 40. Rxa5 1-0

[Event "Titled Tuesday intern op 26th Nov Late"]
[Site "Chess.com INT"]
[Date "2024.11.26"]
[Round "8"]
[White "Hambleton, Aman"]
[Black "Gines Esteo, Pedro Antonio"]
[Result "0-1"]
[WhiteElo "2420"]
[BlackElo "2492"]
[PlyCount "146"]
[EventDate "2024.11.26"]
[EventType "swiss (blitz)"]
[EventRounds "11"]
[EventCountry "USA"]
[SourceTitle "CB49_2024"]
[SourceDate "2024.12.04"]
[SourceVersion "1"]
[SourceVersionDate "2024.12.04"]
[SourceQuality "1"]

1. d4 Nf6 2. Bf4 e6 3. e3 Be7 4. h3 0-0 5. Nf3 b6 6. Nbd2 Bb7 7. Bd3 d6 8. 0-0 Nbd7 9. Bh2 c5 10. c3 Re8 11. a4 a6 12. Qe2 Bf8 13. Rfe1 Ra7 14. e4 cxd4 15. cxd4 e5 16. d5 Nc5 17. Bc4 Qd7 18. Qd1 Raa8 19. b4 Nxa4 20. Qxa4 b5 21. Qb3 bxc4 22. Nxc4 Qd8 23. Na5 Qb6 24. Qe3 Qb5 25. Qe2 Bc8 26. Qxb5 axb5 27. Nd2 Bd7 28. Rec1 Be7 29. f3 Kf8 30. Kf1 Reb8 31. Bg1 Ke8 32. Ke2 Kd8 33. g4 h6 34. Ndb3 Nh7 35. Nc6+ Bxc6 36. dxc6 Kc7 37. Na5 Ng5 38. h4 Ne6 39. Be3 Bxh4 40. Rd1 Bg5 41. Bf2 Nf4+ 42. Kf1 Ne6 43. Ra3 Rd8 44. Rad3 Nf4 45. Rc3 d5 46. exd5 Nxd5 47. Rcd3 Nxb4 48. Rd7+ Rxd7 49. Rxd7+ Kc8 50. Rxf7 Rxa5 51. Bb6 Ra1+ 52. Kg2 Nxc6 53. Rc7+ Kb8 54. Rxc6 Kb7 55. Rg6 Bf6 56. Bc5 Ra2+ 57. Kh3 Rc2 58. Bf8 Rc7 59. g5 hxg5 60. Kg4 Rf7 61. Bd6 Kb6 62. Kf5 Ka5 63. Ke6 Rb7 64. Kd5 b4 65. Kc6 Rb6+ 66. Kc5 Rb5+ 67. Kc4 Rb7 68. Kc5 b3 69. Bxe5 b2 70. Bxf6 gxf6 71. Rg8 Rb5+ 72. Kc6 b1Q 73. Ra8+ Kb4 0-1

[Event "Titled Tuesday intern op 26th Nov Late"]
[Site "Chess.com INT"]
[Date "2024.11.26"]
[Round "5"]
[White "Herbrig, Alexander"]
[Black "Gines Esteo, Pedro Antonio"]
[Result "0-1"]
[WhiteElo "2295"]
[BlackElo "2492"]
[PlyCount "152"]
[EventDate "2024.11.26"]
[EventType "swiss (blitz)"]
[EventRounds "11"]
[EventCountry "USA"]
[SourceTitle "CB49_2024"]
[SourceDate "2024.12.04"]
[SourceVersion "1"]
[SourceVersionDate "2024.12.04"]
[SourceQuality "1"]

1. d4 Nf6 2. Nf3 e6 3. c4 a6 4. Nc3 d5 5. cxd5 exd5 6. Bg5 Be6 7. e3 Nbd7 8. Bd3 h6 9. Bf4 Nh5 10. Be5 Nxe5 11. Nxe5 Nf6 12. 0-0 Bd6 13. f4 0-0 14. Qf3 c5 15. f5 Bc8 16. Rad1 cxd4 17. exd4 Qb6 18. Qf2 Re8 19. Rfe1 Bxe5 20. Rxe5 Rxe5 21. dxe5 Qxf2+ 22. Kxf2 Ng4+ 23. Kg3 Nxe5 24. Nxd5 Bd7 25. Kf4 f6 26. Be4 Bc6 27. Ne7+ Kf7 28. Nxc6 bxc6 29. Rc1 Rb8 30. b3 Rb4 31. Rc3 Ke7 32. a3 Rd4 33. Ke3 Rd6 34. h3 h5 35. g3 Kd7 36. Rc5 Kc7 37. Ra5 Kb6 38. Ra4 c5 39. b4 c4 40. Ra5 Rd1 41. Rc5 Re1+ 42. Kf4 Rf1+ 43. Ke3 Re1+ 44. Kf4 Rf1+ 45. Ke3 Ra1 46. Bd5 Rxa3+ 47. Ke2 Rxg3 48. Bxc4 Rc3 49. Bd3 Rxc5 50. bxc5+ Kxc5 51. Bxa6 Kd4 52. Bb7 h4 53. Kf2 Nf7 54. Bc8 Nd6 55. Be6 Ke4 56. Bd7 Kf4 57. Be6 Nxf5 58. Kg2 Ne3+ 59. Kh2 g5 60. Bc8 f5 61. Bd7 Nf1+ 62. Kg2 Ne3+ 63. Kh2 Nc4 64. Bc8 Ne5 65. Be6 Nf3+ 66. Kg2 Nd4 67. Bd7 g4 68. hxg4 fxg4 69. Kh2 Nf3+ 70. Kg2 h3+ 71. Kf2 g3+ 72. Kf1 g2+ 73. Ke2 g1Q 74. Bxh3 Qe3+ 75. Kf1 Kg3 76. Bg2 Qf2# 0-1

[Event "EU-ch 24th"]
[Site "Petrovac"]
[Date "2024.11.18"]
[Round "10"]
[White "Gines Esteo, Pedro Antonio"]
[Black "Kuru, Atilla"]
[Result "1-0"]
[WhiteElo "2492"]
[BlackElo "2371"]
[PlyCount "71"]
[EventDate "2024.11.08"]
[EventType "swiss"]
[EventRounds "11"]
[EventCountry "MNE"]
[SourceTitle "CB47_2024"]
[SourceDate "2024.11.20"]
[SourceVersion "1"]
[SourceVersionDate "2024.11.20"]
[SourceQuality "1"]

1. Nf3 d5 2. g3 Nd7 3. d4 Nb6 4. Nc3 Nf6 5. a4 a5 6. Bg2 Bf5 7. Nh4 e6 8. Nxf5 exf5 9. Bg5 c6 10. Qd3 g6 11. Qe3+ Kd7 12. Qd3 h6 13. Bxf6 Qxf6 14. e3 h5 15. h4 Bb4 16. Kf1 Rhd8 17. Ne2 Ke8 18. Bf3 Rac8 19. Kg2 Kf8 20. b3 Be7 21. Qd2 Bb4 22. Qd3 Be7 23. Rhc1 c5 24. Qb5 cxd4 25. exd4 Ra8 26. c4 Qc6 27. Nf4 Qxb5 28. axb5 a4 29. c5 axb3 30. Rxa8 Nxa8 31. Nxd5 b6 32. Rb1 bxc5 33. Nxe7 c4 34. Nd5 Rb8 35. Be2 Rc8 36. b6 1-0

[Event "EU-ch 24th"]
[Site "Petrovac"]
[Date "2024.11.16"]
[Round "8"]
[White "Gines Esteo, Pedro Antonio"]
[Black "Pastar, Slaven"]
[Result "1-0"]
[WhiteElo "2492"]
[BlackElo "2361"]
[PlyCount "97"]
[EventDate "2024.11.08"]
[EventType "swiss"]
[EventRounds "11"]
[EventCountry "MNE"]
[SourceTitle "CB47_2024"]
[SourceDate "2024.11.20"]
[SourceVersion "1"]
[SourceVersionDate "2024.11.20"]
[SourceQuality "1"]

1. Nf3 Nf6 2. g3 b6 3. Bg2 Bb7 4. 0-0 e6 5. c4 Be7 6. b3 0-0 7. Bb2 d5 8. cxd5 Nxd5 9. d4 c5 10. dxc5 Bxc5 11. a3 a5 12. Nbd2 Qe7 13. b4 axb4 14. axb4 Rxa1 15. Qxa1 Bxb4 16. Bxg7 Rc8 17. Ne4 Nd7 18. Bb2 f5 19. Neg5 Nc3 20. Bxc3 Bxc3 21. Qa7 Bd5 22. Nh4 Bxg2 23. Nxg2 Bf6 24. Nf3 Qd6 25. Nf4 b5 26. Qa2 Nf8 27. Qb3 Qc6 28. Rb1 Rb8 29. Nh5 Bc3 30. Rc1 b4 31. Nd4 Qa6 32. e3 Bxd4 33. exd4 Qe2 34. Nf4 Qd2 35. Rc4 Qe1+ 36. Kg2 Qe4+ 37. f3 Qe1 38. Rc2 Rd8 39. d5 exd5 40. Qd3 Qe5 41. Re2 Qd6 42. Qd4 Rd7 43. Re5 Ng6 44. Rxf5 Qc6 45. Rg5 Qc2+ 46. Kh3 Qc3 47. Qb6 Rg7 48. Qd8+ Nf8 49. Ne6 1-0

[Event "EU-ch 24th"]
[Site "Petrovac"]
[Date "2024.11.15"]
[Round "7"]
[White "Pycinski, Wladyslaw"]
[Black "Gines Esteo, Pedro Antonio"]
[Result "0-1"]
[WhiteElo "2230"]
[BlackElo "2492"]
[PlyCount "120"]
[EventDate "2024.11.08"]
[EventType "swiss"]
[EventRounds "11"]
[EventCountry "MNE"]
[SourceTitle "CB47_2024"]
[SourceDate "2024.11.20"]
[SourceVersion "1"]
[SourceVersionDate "2024.11.20"]
[SourceQuality "1"]

1. e4 c6 2. d4 d5 3. e5 Bf5 4. c4 e6 5. Nc3 Ne7 6. Nge2 dxc4 7. Ng3 Nd7 8. Bxc4 Qb6 9. 0-0 Rd8 10. Qe2 Qxd4 11. Rd1 Qg4 12. Nxf5 Qxf5 13. f4 h5 14. Be3 Qg4 15. Qf2 Nf5 16. Be2 Qh4 17. Bxa7 Qxf2+ 18. Bxf2 Bc5 19. Bxc5 Nxc5 20. b4 Nd7 21. Kf2 g5 22. g3 gxf4 23. gxf4 Ke7 24. Bd3 f6 25. Bxf5 exf5 26. exf6+ Nxf6 27. Kf3 h4 28. Ne2 Rxd1 29. Rxd1 Ra8 30. Nc1 Nd5 31. b5 Ra4 32. Nd3 Rd4 33. bxc6 bxc6 34. Re1+ Kd6 35. Ke2 Nxf4+ 36. Nxf4 Re4+ 37. Kd2 Rxf4 38. Re2 Kd5 39. Kc2 c5 40. Rd2+ Kc4 41. Kb2 Rf3 42. Rc2+ Kb4 43. Re2 c4 44. Kc2 f4 45. Kd2 c3+ 46. Kc2 Re3 47. Rg2 h3 48. Rg4 Re2+ 49. Kb1 Rb2+ 50. Ka1 Rxh2 51. Rxf4+ Kc5 52. Kb1 Rb2+ 53. Kc1 h2 54. Rf5+ Kd4 55. Rf4+ Ke5 56. Rh4 Rxa2 57. Rh5+ Kf6 58. Kb1 Rg2 59. Rh6+ Kg7 60. Rh3 Rg1+ 0-1

[Event "ESP-chT CECLUB Honor"]
[Site "Melilla"]
[Date "2024.10.18"]
[Round "7.23"]
[White "Gines Esteo, Pedro Antonio"]
[Black "Lin, Ying Rui"]
[Result "0-1"]
[WhiteElo "2477"]
[BlackElo "2378"]
[PlyCount "138"]
[EventDate "2024.10.12"]
[EventType "team-tourn"]
[EventRounds "7"]
[EventCountry "ESP"]
[SourceTitle "CB43_2024"]
[Source "Chessbase"]
[SourceDate "2024.10.23"]
[SourceVersion "1"]
[SourceVersionDate "2024.10.23"]
[SourceQuality "1"]
[WhiteTeam "Casablanca MyInvestor"]
[BlackTeam "Benalmadena Ambiente"]
[WhiteTeamCountry "ESP"]
[BlackTeamCountry "ESP"]

1. Nf3 d6 2. d4 g6 3. e4 Bg7 4. Bc4 c6 5. Nc3 b5 6. Bb3 a5 7. a3 Na6 8. 0-0 Nc7 9. Ng5 Nh6 10. Bf4 f6 11. Nf3 g5 12. Bg3 Bg4 13. Qd3 Nf7 14. d5 Bxf3 15. Qxf3 a4 16. Ba2 c5 17. Nd1 h5 18. h3 c4 19. Ne3 f5 20. Nxf5 Bxb2 21. Rab1 Bf6 22. Rfe1 Ne5 23. Qe3 Rg8 24. f3 Qd7 25. Red1 Rg6 26. Nd4 Kf7 27. Rb4 Rag8 28. Nf5 Rh8 29. Rbb1 Kg8 30. Qa7 Kh7 31. Kh1 Rf8 32. Bh2 g4 33. f4 Nf7 34. Qe3 Rfg8 35. Rd2 Nh6 36. Nxh6 Rxh6 37. e5 dxe5 38. fxe5 Bg5 39. Qe4+ Kh8 40. e6 Nxe6 41. Be5+ Ng7 42. Rf2 gxh3 43. Rg1 Bf6 44. Bf4 Nf5 45. Kh2 Rhg6 46. c3 Nd6 47. Qf3 R8g7 48. Bb1 Rg4 49. g3 h4 50. Kh1 Nf5 51. Rh2 hxg3 52. Rxh3+ Kg8 53. d6 Nxd6 54. Qd5+ e6 55. Qxd6 g2+ 56. Kh2 Qxd6 57. Bxd6 Bd8 58. Be5 Bb6 59. Bxg7 Bc7+ 60. Rg3 Bxg3+ 61. Kh3 Rxg7 62. Rxg2 Be5 63. Rb2 Rg3+ 64. Kh4 Rxc3 65. Rxb5 Bf6+ 66. Kh5 Rb3 67. Rc5 Rxb1 68. Rxc4 Kf7 69. Kg4 Rd1 0-1

[Event "ESP-chT CECLUB Honor"]
[Site "Melilla"]
[Date "2024.10.12"]
[Round "1.10"]
[White "Gines Esteo, Pedro Antonio"]
[Black "Shuvalova, Polina"]
[Result "1-0"]
[WhiteElo "2477"]
[BlackElo "2472"]
[PlyCount "119"]
[EventDate "2024.10.12"]
[EventType "team-tourn"]
[EventRounds "7"]
[EventCountry "ESP"]
[SourceTitle "CB43_2024"]
[Source "Chessbase"]
[SourceDate "2024.10.23"]
[SourceVersion "1"]
[SourceVersionDate "2024.10.23"]
[SourceQuality "1"]
[WhiteTeam "Casablanca MyInvestor"]
[BlackTeam "Extremadura Magic"]
[WhiteTeamCountry "ESP"]
[BlackTeamCountry "ESP"]

1. Nf3 d5 2. g3 Nf6 3. Bg2 e6 4. 0-0 Be7 5. c4 0-0 6. b3 b6 7. Bb2 Bb7 8. cxd5 Nxd5 9. d4 Nd7 10. Re1 c5 11. e4 N5f6 12. Nc3 cxd4 13. Nxd4 Bc5 14. Re2 Rc8 15. Ndb5 Ne5 16. Rd2 Qe7 17. Na4 Bb4 18. Bxe5 Bxd2 19. Qxd2 Rfd8 20. Qf4 Ne8 21. Qe3 Bc6 22. Nxa7 Qxa7 23. Nxb6 Rb8 24. Bxb8 Rxb8 25. Nc4 Qa8 26. Ne5 Bb7 27. Nd7 Rd8 28. Nc5 Bc6 29. a4 Qa5 30. Rc1 Nf6 31. h3 Ba8 32. Qc3 Qa7 33. b4 Rc8 34. Qd4 h5 35. Rd1 Kh8 36. a5 Qb8 37. Nd7 Nxd7 38. Qxd7 Kg8 39. b5 h4 40. gxh4 Rf8 41. b6 Bb7 42. Qc7 Qa8 43. Rd7 Bc6 44. b7 Bxb7 45. Qxb7 Qxa5 46. Bf3 Qa1+ 47. Kg2 Qf6 48. Qc7 Qxh4 49. Qg3 Qf6 50. h4 Qb2 51. Qg5 Qc3 52. h5 Kh7 53. Qe7 Qc8 54. Rc7 Qb8 55. e5 Kg8 56. Bc6 Kh7 57. Be4+ Kh6 58. Kg3 Qb2 59. Qxf8 Qxe5+ 60. f4 1-0

[Event "Iberoamerican-ch 10th"]
[Site "Linares"]
[Date "2024.09.25"]
[Round "2"]
[White "Ticona Rocabado, Licael Roderick"]
[Black "Gines Esteo, Pedro Antonio"]
[Result "1/2-1/2"]
[WhiteElo "2321"]
[BlackElo "2477"]
[PlyCount "62"]
[EventDate "2024.09.25"]
[EventType "swiss"]
[EventRounds "9"]
[EventCountry "ESP"]
[SourceTitle "EXT 2025"]
[Source "ChessBase"]
[SourceDate "2024.10.14"]
[SourceVersion "1"]
[SourceVersionDate "2024.10.14"]
[SourceQuality "1"]

1. d4 Nf6 2. c4 e6 3. Nf3 d5 4. e3 Be7 5. Nbd2 0-0 6. Bd3 c5 7. cxd5 exd5 8. dxc5 Bxc5 9. 0-0 Nc6 10. h3 Qe7 11. Nb3 Bd6 12. Nbd4 Ne4 13. b3 Nxd4 14. exd4 Bf5 15. Re1 Rad8 16. Bb2 Bb8 17. Nd2 Qh4 18. Bxe4 dxe4 19. Nf1 Bxh3 20. gxh3 Rd6 21. Re3 Rg6+ 22. Rg3 Bxg3 23. fxg3 Qxh3 24. Qe2 f5 25. Ba3 Rf7 26. Qb5 Rxg3+ 27. Nxg3 Qxg3+ 28. Kf1 Qf3+ 29. Kg1 Qg3+ 30. Kf1 Qf3+ 31. Kg1 Qg3+ 1/2-1/2